Report Of The Parliamentary Select Committee On Environment Science And Technology On The Accession To The Vienna Convention On Civil Liability For Nuclear Damage ( 1963) 2020 (Record no. 2444)
[ view plain ]
| 000 -LEADER | |
|---|---|
| fixed length control field | 00636nam a2200145Ia 4500 |
| 008 - FIXED-LENGTH DATA ELEMENTS--GENERAL INFORMATION | |
| fixed length control field | 240429s9999||||xx |||||||||||||| ||und|| |
| 041 ## - LANGUAGE CODE | |
| Language code of text/sound track or separate title | eng |
| 082 ## - DEWEY DECIMAL CLASSIFICATION NUMBER | |
| Classification number | CR/CLND/20 |
| 100 ## - MAIN ENTRY--PERSONAL NAME | |
| Personal name | Parliament of Ghana |
| 245 #0 - TITLE STATEMENT | |
| Title | Report Of The Parliamentary Select Committee On Environment Science And Technology On The Accession To The Vienna Convention On Civil Liability For Nuclear Damage ( 1963) 2020 |
| 300 ## - PHYSICAL DESCRIPTION | |
| Extent | 4p |
| 650 ## - SUBJECT ADDED ENTRY--TOPICAL TERM | |
| Topical term or geographic name entry element | Report Of The Parliamentary Select Committee On Environment Science And Technology - On The Accession To The Vienna Convention On Civil Liability For Nuclear Damage ( 1963) 2020 |
| 942 ## - ADDED ENTRY ELEMENTS (KOHA) | |
| Koha item type | Committee Reports |
| Withdrawn status | Lost status | Damaged status | Not for loan | Home library | Current library | Shelving location | Date acquired | Total checkouts | Full call number | Date last seen | Copy number | Price effective from | Koha item type |
|---|---|---|---|---|---|---|---|---|---|---|---|---|---|
| Main Library | Main Library | Open Shelves | 31/01/2023 | CR/CLND/20 3479 C1 - CR/CLND/20 3480 C2 - CR/CLND/20 3481 C3 - CR/CLND/20 3482 C4 - CR/CLND/20 5851 C5 | 29/04/2024 | 1 | 29/04/2024 | Committee Reports |